| 000 -LEADER |
| fixed length control field |
01222cam a22002774a 4500 |
| 003 - CONTROL NUMBER IDENTIFIER |
| control field |
OSt |
| 005 - DATE AND TIME OF LATEST TRANSACTION |
| control field |
20200316164548.0 |
| 008 - FIXED-LENGTH DATA ELEMENTS--GENERAL INFORMATION |
| fixed length control field |
070918s2008 mnua b s001 0 eng |
| 020 ## - INTERNATIONAL STANDARD BOOK NUMBER |
| International Standard Book Number |
9780816651146 (pbk. : alk. paper) |
| 020 ## - INTERNATIONAL STANDARD BOOK NUMBER |
| International Standard Book Number |
0816651140 (pbk. : alk. paper) |
| 082 00 - DEWEY DECIMAL CLASSIFICATION NUMBER |
| Classification number |
725.51 |
| Edition number |
22 |
| Item number |
ADA |
| 100 1# - MAIN ENTRY--PERSONAL NAME |
| Personal name |
Adams, Annmarie. |
| 245 10 - TITLE STATEMENT |
| Title |
Medicine by design : |
| Remainder of title |
the architect and the modern hospital, 1893-1943 / |
| Statement of responsibility, etc |
Annmarie Adams. |
| 260 ## - PUBLICATION, DISTRIBUTION, ETC. (IMPRINT) |
| Place of publication, distribution, etc |
Minneapolis : |
| Name of publisher, distributor, etc |
University of Minnesota Press, |
| Date of publication, distribution, etc |
c2008. |
| 300 ## - PHYSICAL DESCRIPTION |
| Extent |
xxv, 169 p. : |
| Other physical details |
ill. ; |
| Dimensions |
26 cm. |
| 440 #0 - SERIES STATEMENT/ADDED ENTRY--TITLE |
| Title |
Architecture, landscape, and American culture series |
| 500 ## - GENERAL NOTE |
| General note |
Chapters previously published in various books and journals. |
| 504 ## - BIBLIOGRAPHY, ETC. NOTE |
| Bibliography, etc |
Includes bibliographical references (p. [147]-159) and index. |
| 505 0# - FORMATTED CONTENTS NOTE |
| Formatted contents note |
1893 -- Patients -- Nurses -- Architects and doctors -- Modernisms. |
| 650 #0 - SUBJECT ADDED ENTRY--TOPICAL TERM |
| Topical term or geographic name as entry element |
Hospital architecture |
| Geographic subdivision |
North America |
| General subdivision |
History. |
| 650 #0 - SUBJECT ADDED ENTRY--TOPICAL TERM |
| Topical term or geographic name as entry element |
Hospital buildings |
| Geographic subdivision |
North America |
| General subdivision |
Design and construction |
| -- |
History. |
| 650 12 - SUBJECT ADDED ENTRY--TOPICAL TERM |
| Topical term or geographic name as entry element |
Hospital Design and Construction |
| General subdivision |
trends |
| Geographic subdivision |
Canada |
| Form subdivision |
Collected Works. |
| 650 22 - SUBJECT ADDED ENTRY--TOPICAL TERM |
| Topical term or geographic name as entry element |
History, 19th Century |
| Geographic subdivision |
Canada |
| Form subdivision |
Collected Works. |
| 650 22 - SUBJECT ADDED ENTRY--TOPICAL TERM |
| Topical term or geographic name as entry element |
History, 20th Century |
| Geographic subdivision |
Canada |
| Form subdivision |
Collected Works. |
| 942 ## - ADDED ENTRY ELEMENTS (KOHA) |
| Source of classification or shelving scheme |
|